01088nam a22002057a 450000500170000000800410001702000180005804100080007608200160008410000280010024500740012826000270020230000080022936500190023752004060025665000200066294200070068299900190068995201740070820230825105844.0230823b        |||||||| |||| 00| 0 eng d  a9781906388140  aeng  a746.92bHOU  aHoughton Lizzie9204411  aFelting Fashion : Creative & Inspirational Techniques for Felt-makers  aLondonbBatsfordc2009  a127  b1572.37cRs.00  a•	Equipment for Feltmaking
•	How to Make Felt
•	Working with Cords, Spikes & Balls
•	Working with Network Felt
•	Using Resist & Templates
•	Embellishment
•	Making Hats
•	Seamless Felt Jacket
•	Nuno Felt
•	Nuno-Felt vest top
•	Nuno-felt Jackets
•	Dyeing wool & silk with acid dyes
•	Nuno-felt jackets using a template 
•	Mosaic jacket
•	Long & Full-skirted nuno-felt coat
  aFashion9204412  cBK  c355875d355875  00102ddc4070aSOFTbSOFTd2023-08-19eHonesty Subscription Agencyg1572.37i50842o746.92 HOUpSOFT-BK-4176r2023-08-23 00:00:00t25%v2096.49w2023-08-04yBKz004176